000 01745cam a2200205 4500
008 031111n2003 000 0 eng u
035 _a(Sirsi) u124276
245 _aBrian John Faraday v Carmarthenshire CC
260 _c2003
520 _aACQ/84/1997, 24 July 2003. Claim for compensation by claimant (F) for freehold interest in estate agent's office subject to a compulsory purchase order. There were eight major issues to be determined: firstly whether the value of the freehold interest in the property should be assessed by capitalising its rental value or by its capital value; secondly what compensation should F receive for loss of profits after March 1983; thirdly whether F took reasonable steps to mitigate his loss; what was the correct approach to be adopted in calculating interest on F's losses; whether F was entitled to compensation for loss of goodwill; what rent would F have received for the uppper part of property; was the claimed loss of £19 000 on the forced sale of fixtures and fittings justified; and the extent of the costs which would have been incurred in the move. £354 111 compensation awarded to F by C. Interest on loss of profitsm adaption of fixture and fittings and removal costs to be agreed between parties. View decision at www.courtservice.gov.uk.
650 _aFARADAY V CARMARTHENSHIRE CC
650 _aCOMPENSATION
650 _aFREEHOLD
650 _aValuation
_96273
650 _aLOSS OF PROFITS
650 _aGOODWILL
690 _aENVIRONMENTAL AND LAND CONSULTANCY-PLANNING AND DEVELOPMENT-COMPULSORY PURCHASE AND COMPENSATION
856 _uhttps://www.courtservice.gov.uk/tribunals/lands/decisions/acq-84-1997.pdf
_zView the decision on the Court Service website...
942 _n0
999 _c73764
_d73764